The graduation of Jake Moon / (Record no. 2552)

MARC details
000 -LEADER
fixed length control field 00881cam a2200265 a 4500
005 - DATE AND TIME OF LATEST TRANSACTION
control field 20231215111858.0
020 ## - INTERNATIONAL STANDARD BOOK NUMBER
International Standard Book Number 068983912X
040 ## - CATALOGING SOURCE
Original cataloging agency DLC
Transcribing agency DLC
Modifying agency DLC
Language of cataloging eng
050 00 - LIBRARY OF CONGRESS CALL NUMBER
Classification number PZ7.P2197
Item number Gr 2000
082 00 - DEWEY DECIMAL CLASSIFICATION NUMBER
Classification number 173
Edition number 21
100 1# - MAIN ENTRY--PERSONAL NAME
Personal name Park, Barbara
245 14 - TITLE STATEMENT
Title The graduation of Jake Moon /
Statement of responsibility, etc. Barbara Park
250 ## - EDITION STATEMENT
Edition statement Frist Scholastic printing, January 2002
260 ## - PUBLICATION, DISTRIBUTION, ETC.
Place of publication, distribution, etc. New York :
Name of publisher, distributor, etc. Scholastic,
Date of publication, distribution, etc. 2000
300 ## - PHYSICAL DESCRIPTION
Extent 115 pages :
Dimensions 22 cm
505 ## - FORMATTED CONTENTS NOTE
Formatted contents note P
520 ## - SUMMARY, ETC.
Summary, etc. Fourteen-year-old Jake recalls how he has spent the last four years of his life watching his grandfather descend slowly but surely into the horrors of Alzheimer's disease.
521 ## - TARGET AUDIENCE NOTE
Target audience note 680
Source Lexile
521 ## - TARGET AUDIENCE NOTE
Target audience note P
Source Raz-Plus
650 #1 - SUBJECT ADDED ENTRY--TOPICAL TERM
Topical term or geographic name entry element Alzheimer's disease
Form subdivision Fiction.
650 #1 - SUBJECT ADDED ENTRY--TOPICAL TERM
Topical term or geographic name entry element Grandfathers
Form subdivision Fiction.
906 ## - LOCAL DATA ELEMENT F, LDF (RLIN)
a 7
b cbc
c orignew
d 1
e ocip
f 19
g y-gencatlg
942 ## - ADDED ENTRY ELEMENTS (KOHA)
Source of classification or shelving scheme Dewey Decimal Classification
Koha item type Books
Suppress in OPAC No
999 ## -
-- 2552
-- 2552
Holdings
Withdrawn status Lost status Source of classification or shelving scheme Damaged status Not for loan Collection Home library Current library Shelving location Date acquired Total Checkouts Full call number Barcode Date last seen Price effective from Koha item type
    Dewey Decimal Classification     Juvenile Fiction Footprints International School Library Network Toul Kork Campus Footprints International School Library Network Toul Kork Campus   12/15/2023   PAR 173 PZ7.P2197 FISSE00695 12/15/2023 12/15/2023 Books